000
00297nam a2200109Ia 4500
008
220204s9999 xx 000 0 und d
082
_a
547.25
_b
TSU
245
0
_a
Fundamental research in organometallic chemistry
260
_a
New York
_b
Van Nostrand
_c
1982
700
_a
Tsutsui, Minoru
942
_c
BK
999
_c
36738
_d
36738